00605nam a2200169 a 450000100100000000500170001000800410002702000150006804000250008310000280010824500850013626000340022130000280025570000300028395201050031399900170041800004386920201002045021.0140507s1993 ve a 000 0 spa d a9802901040 aDO-SdBNPbspacBNPHU1 aIbañez, Blanca97174710aCronicas de la Persecución... /cBlanca Ibañez; prólogo Morris Sierraalta. aVenezuela, :bPomaire,c1993. a384 p. :bil. ;c21 cm.12aSierraalta, Morris971748 001050718MOaGRbGRcCTd2014-05-07iLF1l0o p43869-10r2020-06-25w2020-06-25y1ZNo se presta c43358d43358